Country Shapes in a Ski Jumper - Statistics

General Stats
  • This quiz has been taken 50 times
  • The average score is 14 of 15
Answers on the Map
Answers color-coded by a green-red scale on the quiz's map according to % correct below.
 
Answer Stats
Countries % Correct
Chile
100%
Argentina
97%
Australia
97%
Iceland
97%
Madagascar
97%
United Kingdom
97%
New Zealand
95%
Norway
95%
South Africa
95%
Sweden
89%
Morocco
86%
Poland
86%
Ukraine
84%
Mozambique
81%
Paraguay
81%
No matching quizzes found
Score Distribution
Percent of People with Each Score
Percentile by Number Answered
Your Score History
You have not taken this quiz